000 00336nam a2200145Ia 4500
005 20251222152709.0
008 251222s9999||||xx |||||||||||||| ||spa||
020 _a9972205916
082 _a485/D37
100 _aDe la Riva Agüero, José
245 0 _aPaisajes Peruanos
250 _a1ra.ed.
264 _bEl Comercio
942 _cLIB
999 _c29146
_d29146